Score 0/12 Timer 01:30
2 Plays Today
Hint 4-Letter Word % Correct
● Wyoming was the first state to let women ___● VOTE ●
99.1%
● Yellowstone or Grand Teton National ___● PARK ●
95.5%
Under part of a person's footSOLE
92.8%
Light in color or having very little coloringPALE
91.1%
Small burrowing, mouse-like mammalVOLE
91%
Exchange of a commodity or goods for moneySALE
90%
Fat from a pig that is used in cookingLARD
89.2%
Small ground-dwelling songbirdLARK
88.1%
Someone having power, authority, or influenceLORD
84.6%
To pack a vehicle or animal with goods or freight LOAD
84.2%
Reduce something in size, extent, or quantityPARE
83.8%
● Wyoming's state reptile, the horned ___● TOAD ●
83.6%

Today's Daily Dose

Remove Ads.
Support Sporcle.
Get the best of Sporcle when you Go Orange. This ad-free experience offers more features, more stats, and more fun while also helping to support Sporcle. Thank you for becoming a member.

You're not logged in!

Compare scores with friends on all Sporcle quizzes.
OR
Log In

Show Comments

Extras

Top Quizzes Today


Score Distribution

Your Account Isn't Verified!

In order to create a playlist on Sporcle, you need to verify the email address you used during registration. Go to your Sporcle Settings to finish the process.

Report this User

Report this user for behavior that violates our Community Guidelines.

Details: